Voyage au monde souterrain espagnol (notice n° 1605917)

détails MARC
000 -LEADER
fixed length control field 01349cam a2200169 4500500
005 - DATE AND TIME OF LATEST TRANSACTION
control field 20251228095228.0
041 ## - LANGUAGE CODE
Language code of text/sound track or separate title fre
042 ## - AUTHENTICATION CODE
Authentication code dc
100 10 - MAIN ENTRY--PERSONAL NAME
Personal name Vázquez, Lydia
Relator term author
245 00 - TITLE STATEMENT
Title Voyage au monde souterrain espagnol
260 ## - PUBLICATION, DISTRIBUTION, ETC.
Date of publication, distribution, etc. 2005.<br/>
500 ## - GENERAL NOTE
General note 80
520 ## - SUMMARY, ETC.
Summary, etc. RésuméLe roman Cornelia Bororquia o la víctima de la Inquisición (1798 ?) acquiert une dimension d’autant plus pathétique, voire grotesque, que son auteur lui-même sera une victime de ce terrible et encore tout-puissant Santo Oficio espagnol. Décors et intrigue typiquement gothico-hispaniques que ceux de ce roman exceptionnel qui illustre parfaitement un grotesque dont les racines ont poussé dans les souterrains et les caveaux espagnols.
520 ## - SUMMARY, ETC.
Summary, etc. The novel Cornelia Bororquia o la victima de la Inquisición (1798 ?) has a pathetic, even ludicrous dimension, since its author was himself a victim of that terrible and still almighty Spanish Santo Oficio. The settings and the plot are typically Spanish gothic in this exceptional novel that perfectly illustrates a ridicule whose roots grew in the underground vaults of Spain.
786 0# - DATA SOURCE ENTRY
Note Sociétés & Représentations | 20 | 2 | 2005-09-01 | p. 111-117 | 1262-2966
856 41 - ELECTRONIC LOCATION AND ACCESS
Uniform Resource Identifier <a href="https://shs.cairn.info/revue-societes-et-representations-2005-2-page-111?lang=fr&redirect-ssocas=7080">https://shs.cairn.info/revue-societes-et-representations-2005-2-page-111?lang=fr&redirect-ssocas=7080</a>

Pas d'exemplaire disponible.

PLUDOC

PLUDOC est la plateforme unique et centralisée de gestion des bibliothèques physiques et numériques de Guinée administré par le CEDUST. Elle est la plus grande base de données de ressources documentaires pour les Étudiants, Enseignants chercheurs et Chercheurs de Guinée.

Adresse

627 919 101/664 919 101

25 boulevard du commerce
Kaloum, Conakry, Guinée

Réseaux sociaux

Powered by Netsen Group @ 2025